000 00331nam a2200133 i 4500
001 bg
100 1 _aSOLSKI, Ryszard
245 0 _aOrganizacje młodzieżowe krajów socjalistycznych /
_cRyszard Solski.
260 _aWarszawa,
_c1978.
040 _cBPK
041 _apol
942 _cKS
008 s pl f |000 0 pol
999 _c9585
_d9585
856 _uhttp://koha.tu.koszalin.pl/cgi-bin/koha/opac-detail.pl?biblionumber=9585
_yKatalog online BPK